000 00817nam a2200229 i 4500
001 163526
003 ES-MaACL
005 20250903024957.0
008 981001s1898 fr |||| | fre d
100 1 _aRiemann, Bernhard (
_d1826-1866)
_9131813
245 1 0 _aOeuvres mathématiques /
_cde Riemann ; traduites par L. Laugel ; avec une préface de M. Hermite ; et un discours de M. Félix Klein.
260 _aParis :
_bGauthier-Villars et Fils,
_c1898.
300 _aXXXV, 453 p. ;
_c23 cm.
650 7 _aMatemáticas
_2embne
_914814
650 0 7 _aAnálisis matemático
_2embne
_99772
700 1 _aLaugel, L.
_9168569
700 1 _aHermite, Charles.
_9168570
700 1 _aKlein, Felix.
_968209
752 _aFrancia -
_dParís
852 _aES-MaACL
_jB-1830
_z- Enc. hol.
999 _c163526
_d163526